Tall building design : (Record no. 554282)
[ view plain ]
| 000 -LEADER | |
|---|---|
| fixed length control field | 00680cam a2200193 i 4500 |
| 020 ## - INTERNATIONAL STANDARD BOOK NUMBER | |
| International Standard Book Number | 9781466556201 |
| 082 00 - DEWEY DECIMAL CLASSIFICATION NUMBER | |
| Classification number | 720.483 |
| Author Mark | TAR |
| -- | NUST-02-P-99 |
| 100 1# - MAIN ENTRY--PERSONAL NAME | |
| Personal name | Taranath, Bungale S., |
| 9 (RLIN) | 1048 |
| 245 10 - TITLE STATEMENT | |
| Title | Tall building design : |
| Remainder of title | steel, concrete, and composite systems / |
| Statement of responsibility, etc. | Bungale S. Taranath, Ph.D., P.E., S.E. |
| 260 ## - PUBLICATION, DISTRIBUTION, ETC. | |
| Place of publication, distribution, etc. | New York:. |
| Name of publisher, distributor, etc. | CRC Press. |
| Date of publication, distribution, etc. | 2017. |
| 300 ## - PHYSICAL DESCRIPTION | |
| Extent | xxxiii, 898 pages ; |
| Dimensions | 27 cm |
| 526 ## - STUDY PROGRAM INFORMATION NOTE | |
| Program name | 0 |
| Interest level | 0 |
| Reading level | 0 |
| Title point value | 720_483000000000000_TAR |
| 650 #0 - SUBJECT ADDED ENTRY--TOPICAL TERM | |
| Topical term or geographic name entry element | Building, Iron and steel. |
| 650 #0 - SUBJECT ADDED ENTRY--TOPICAL TERM | |
| Topical term or geographic name entry element | Composite construction. |
| 650 #0 - SUBJECT ADDED ENTRY--TOPICAL TERM | |
| Topical term or geographic name entry element | Concrete construction. |
| 650 #0 - SUBJECT ADDED ENTRY--TOPICAL TERM | |
| Topical term or geographic name entry element | Tall buildings |
| General subdivision | Design and construction. |
| 9 (RLIN) | 1049 |
| 650 #0 - SUBJECT ADDED ENTRY--TOPICAL TERM | |
| Topical term or geographic name entry element | Tall buildings. |
| 9 (RLIN) | 32233 |
| 942 ## - ADDED ENTRY ELEMENTS (KOHA) | |
| Source of classification or shelving scheme | |
| Koha item type | Book |
| Withdrawn status | Lost status | Source of classification or shelving scheme | Damaged status | Not for loan | Permanent Location | Current Location | Date acquired | Cost, normal purchase price | Total Checkouts | Full call number | Barcode | Date last seen | Price effective from | Koha item type |
|---|---|---|---|---|---|---|---|---|---|---|---|---|---|---|
| Military College of Engineering (MCE) | Military College of Engineering (MCE) | 09/03/2019 | 22609.84 | 720.483 TAR | MCE-51110 | 09/03/2019 | 09/03/2019 | Book |
